000
00281nam a22001217a 4500
008
181101b xxu||||| |||| 00| 0 eng d
041
_a
eng
080
_2
11TH
_a
573
100
_a
11
101
_a
MIC
245
_a
Rewiew Of medical Microbiology
_c
Jawetz .E
942
_2
udc
_c
BK
999
_c
51465
_d
51465